| 000 | 01291nmm a2200313 a 4500 | ||
|---|---|---|---|
| 001 | ocm0001682928 | ||
| 003 | TR-IsHL | ||
| 005 | 20201028170038.0 | ||
| 008 | 171226s2017 tu tur | ||
| 007 | cr cn | ||
| 020 | _a9786054635313 | ||
| 035 |
_a1682928 _b(N$T) |
||
| 050 | 0 | 4 |
_aDR46.9.E3 _bC4719 2017 |
| 090 | 0 | 4 |
_aDR46.9.E3 _bC4719 2017 |
| 100 | 1 | _aChristoff, R. P. Paul | |
| 245 | 1 | 0 |
_aEdirne kuşatması günlüğü: kuşatma altında yaşayan birinin günlük notları _h[electronic resource] / _cR. P. Paul Christoff ; Fransızca'dan çeviren ve hazırlayan Yunus Emre Kaleli ; editör Erhan Güngör |
| 250 | _aBirinci basım | ||
| 260 |
_aİstanbul : _bDün Bugün Yarın Yayınları, _c2017 |
||
| 300 | _a249 p. | ||
| 500 |
_aÖzgün yapıt adı : Journal du Siège d'Andrinople (Notes Quotidiennes d'un Assiégé) _xKaynakça ve dizin var. _x _x |
||
| 650 | 4 | _aTarih | |
| 650 | 4 | _aHistory | |
| 650 | 0 |
_aEdirne (Turkey) _x History _x Siege, 1912-1913 |
|
| 650 | 0 |
_aEdirne (Türkiye) _x Tarih _x Kuşatma, 1912-1913 |
|
| 650 | 7 |
_aHISTORY / Middle East / Turkey & Ottoman Empire _2bisacsh |
|
| 700 | 1 | _aKaleli, Yunus Emre | |
| 700 | 1 | _aGüngör, Erhan | |
| 856 | 4 | 0 | _uhttp://search.ebscohost.com/login.aspx?direct=true&scope=site&db=e011xww&AN=1682928 |
| 999 |
_c16068 _d16068 |
||